Cezhraničné poskytovanie právnych služieb slovenským advokátom v ČR

Možnosť poskytovania právnych služieb advokátmi v iných členských štátoch Európskeho spoločenstva. Formálne predpoklady pre poskytnutie právnej služby slovenským advokátom v ČR.

Gespeichert in:
Bibliographische Detailangaben
1. Verfasser: Mišura, Ján
Format: Buchkapitel
Sprache:Slowakisch
Schlagworte:
Tags: Tag hinzufügen
Keine Tags, Fügen Sie das erste Tag hinzu!

MARC

LEADER 00000naa$a2200000$$$4500
001 0112239
005 20240502072239.1
041 0 |a slo 
044 |a SK 
245 1 0 |a Cezhraničné poskytovanie právnych služieb slovenským advokátom v ČR  |c Ján Mišura 
520 |a Možnosť poskytovania právnych služieb advokátmi v iných členských štátoch Európskeho spoločenstva. Formálne predpoklady pre poskytnutie právnej služby slovenským advokátom v ČR. 
610 2 0 |a služby 
610 2 0 |a právo 
610 2 0 |a advokáti 
610 2 0 |a Česko 
610 2 0 |a spolupráca cezhraničná 
610 2 0 |a advokácia 
610 2 0 |a zákony 
610 2 0 |a Slovensko 
100 1 |a Mišura, Ján